000 00481nam a2200169Ia 4500
999 _c22551
_d22551
003 OSt
005 20200210105532.0
008 190216s9999||||xx |||||||||||||| ||und||
040 _coclc
082 _a297
_bOME/101
100 _aOmery, Mohammed Shameem
_91894
245 0 _a101 Upama Kathakal /
_cMohammed Shameem Omery
260 _bGassali Books,
_c2000.
300 _a79p
650 _aIslamic Culture
942 _cBK
_2ddc
_h297
_iOME/101
_k297
_mOME/101